Diseno, construccion y puesta en marcha de una columna de burbujeo

Na minha lista:
Detalhes bibliográficos
Autor principal: Cordero Fernandez, Marvin
Formato: Tesis Livro
Idioma:Undetermined
Publicado em: 1985
Assuntos:
Tags: Adicionar Tag
Sem tags, seja o primeiro a adicionar uma tag!

MARC

LEADER 00000nam a2200000Ia 4500
001 2989
008 140114s9999 xx 000 0 und d
100 |a Cordero Fernandez, Marvin 
245 |a Diseno, construccion y puesta en marcha de una columna de burbujeo 
260 |c 1985 
500 |a NULL 
502 |a Escuela de ingenieria Quimica 
650 |z COLUMNA DE BURBUJEO 
999 |c 11698  |d 11698